| 000 | 00352nam a22001337a 4500 | ||
|---|---|---|---|
| 020 | _a9780632057375 | ||
| 040 | _cnust | ||
| 082 |
_22nd Edition _a658.404 _bENG |
||
| 100 |
_aSmith.J.N _9122711 |
||
| 245 | _aEngineering Project Management | ||
| 260 |
_aLondon: _bBlackwell, _c2002. |
||
| 650 |
_aEngineering Project Management _960318 |
||
| 942 |
_2ddc _cBK |
||
| 999 |
_c609154 _d609154 |
||